Pratique de MySQL et PHP
PHP reste le langage de script le plus apprécié des webmestres professionnels et amateurs. Associé à la base de données MySQL, autre fleuron du Logiciel Libre, il permet de réaliser des sites à la fois robustes et ultraréactifs, aussi bien sous MS-Windows que sous Unix/Linux. Cette deuxième...
Kaydedildi:
| Yazar: | |
|---|---|
| Materyal Türü: | Kitap |
| Dil: | Undetermined |
| Baskı/Yayın Bilgisi: |
Paris
O'Reilly
2003
|
| Konular: | |
| Etiketler: |
Etiketle
Etiket eklenmemiş, İlk siz ekleyin!
|
| Thư viện lưu trữ: | Trung tâm Học liệu Trường Đại học Cần Thơ |
|---|
| LEADER | 01499nam a2200193Ia 4500 | ||
|---|---|---|---|
| 001 | CTU_232988 | ||
| 008 | 210402s9999 xx 000 0 und d | ||
| 082 | |a 005.133 | ||
| 082 | |b R566 | ||
| 100 | |a Rigaux, Philippe | ||
| 245 | 0 | |a Pratique de MySQL et PHP | |
| 245 | 0 | |c Philippe Rigaux | |
| 260 | |a Paris | ||
| 260 | |b O'Reilly | ||
| 260 | |c 2003 | ||
| 520 | |a PHP reste le langage de script le plus apprécié des webmestres professionnels et amateurs. Associé à la base de données MySQL, autre fleuron du Logiciel Libre, il permet de réaliser des sites à la fois robustes et ultraréactifs, aussi bien sous MS-Windows que sous Unix/Linux. Cette deuxième édition, adaptée aux dernières fonctionnalités de PHP 4 et de MySQL, renforce encore les qualités pédagogiques qui ont fait la réputation de l'ouvrage, tout en abordant de nouveaux sujets importants, comme le traitement du XML ou la production de graphiques : Après une introduction consacrée à la Programmation Web, le chapitre sur l'Environnement MySQL/PHP entre dans le vif du sujet en illustrant les interactions entre MySQL et PHP. On y découvre entre autres l'utilitaire mysql, l'interface phpMyAdmin et l'API MySQL de PHP. Techniques de base présente ce qu'il faut connaître pour programmer efficacement en PHP. | ||
| 650 | |a PHP (ngôn ngữ chương trình máy tính),PHP (Computer program language) | ||
| 910 | |b dqhieu | ||
| 980 | |a Trung tâm Học liệu Trường Đại học Cần Thơ | ||